00674 2200229 4500001002100000005001500021008004100036020001800077035001900095041000700114082001200121090001800133100001700151700001800168700002200186700001900208245008300227250001100310260007300321300003000394650002000424INLIS00000000000230620241224112519241224||||||||| | ||| |||| || |  a979-579-017-x 0010-1224002306 aid0 a551.432 a551.432 TAN t0 aMomo Suparmo0 aTeguh Hartono0 aHiroshi Kobayashi0 aHendra widjaya00aTaman Nasional Gunung Halimun - Salak: Menyingkap Kabut Gunung Halimun - Salak aRevisi aBogorbGunung Halimun - Salak National Park Management Projectc2007 avi, 48 hlm.; ilus.: 21 cm 0aIlmu-ilmu Murni